| 000 | 00795nam a2200205 a 4500 | ||
|---|---|---|---|
| 003 | 0 | ||
| 005 | 20250318154223.0 | ||
| 008 | 071127s19uu xx 00 eng d | ||
| 050 |
_aPGS LB 1573.P37 _b.C186 2007 |
||
| 100 | _aCampañer, Juan Jaime M. | ||
| 245 |
_aRelationship between parental involvement and reading achievement / _cJuan Jaime M. Campañer. |
||
| 260 |
_aLas Piñas City, Philippines : _bSouthville International School and Colleges, _c2007. |
||
| 300 |
_a83 pages : _billustrations ; _c28 cm. |
||
| 504 | _aIncludes bibliographical references. | ||
| 650 | _aParental involvement in education. | ||
| 650 | _aReading achievement. | ||
| 650 |
_aReading (Elementary) _vParent participation. |
||
| 650 |
_aEducation, Primary _vParent participation. |
||
| 942 |
_2lcc _cPASS |
||
| 999 |
_c97693 _d97693 |
||